000 00303 a2200121 4500
999 _c322022
_d322022
001 86949
003 NUST
005 20180124095855.0
008 180124b xxu||||| |||| 00| 0 eng d
082 _a005.117 FRI
100 _aFritzson, P
_99654
245 _aPrinciples of object oriented Modeling
_hEnglish
260 _aUSA
_bIEEE Press
_c2004
300 _axiii, 898p.
942 _aCAE NUST
_cBK
_k005.117 FRI
_2ddc